000 00439nam a2200145Ia 4500
008 210210b1974 xxu||||| |||| 00| 0 eng d
020 _a0 07 017049 5
082 _a339 DIUS
100 _aDIULIO (Eugene A).
245 _aSchaum's outline of theory and problems of macroeconomic theory.
260 _aNew York.
_bSchaum''s outline series, McGraw-Hill Book Co.,
_c1974
300 _avi,208
690 _aMacroeconomics
906 _aSG00751
999 _c112451
_d112451